000 01106nam a2200265 i 4500
001 bg
245 0 4 _aVII International conference Overvoltages in power -electroni - and computer engineering :
_b8-11 October 1997, Holny Mejera Poland, Vilnius Lithuania r. /
_cBialystok Technical University [et al. ; Org. Com.
_nZ. Dmochowski].
260 _aBiałystok :
_bWydawnictwa PB,
_c1997.
300 _a165 s. :
_brys., wykr. ;
_c23 cm.
500 _aMateriały poprz. konferncji ukazały się pt.: Sympozjum na temat Przepięcia w urządzeniach elektrycznych i elektronicznych.
500 _aTekst częśc. w jęz. pol., ang., ros., lit.
504 _aBibliogr., streszcz., summ., rez. przy ref.
650 9 _aElektronika
_xurządzenia
650 9 _aInformatyka
_xurządzenia
650 9 _aPrzepięcie
655 _aMateriały konferencyjne
700 1 _aDmochowski, Zbigniew
_d(1931- ).
_eRed.
020 _a8386272619
040 _cBPK
041 0 _aenltplru
_benltplru
080 _a621.315+621.316](061.3)
920 _a83-86272-61-9
942 _cKS
008 s pl f |000 0 pol
999 _c32624
_d32624
856 _uhttp://koha.tu.koszalin.pl/cgi-bin/koha/opac-detail.pl?biblionumber=32624
_yKatalog online BPK